02551nam a2200217Ia 45000010005000000080041000050100009000460410014000550820014000692450193000832600013002763000007002895200007002966300017003036300016003206500028003367000035003647000025003997000030004245201879004541975241029s9999 xx 000 0 und d a1852 aEspañol aNO APLICA 0aCompetencias de ortografías de los estudiantes de nuevo ingreso en la Pontificia Universidad Católica Madre y Maestra y la Universidad Abierta Para Adultos, período académico 2008. aSantiago a67 a29 aCompetencias aEstudiantes aCompetencias Educativas easesora Burgos, Rosa Francia  eautoraParra, José eautoradel Orbe, Genoveva aLa Real Academia Española define Ortografía como el conjunto de normas que rigen una lengua (RAE 3003). Otra definición de la Academia, se refiere como parte de la gramática que enseña a escribir correctamente, por el acertado uso de las letras y los signos auxiliares de la escritura (Máster, Biblioteca Práctica de Comunicación, Ortografía, tomo VIII, 1.1). Estas definiciones evidencian la importancia de la ortografía. La realidad, sin embargo, señala que muchos sujetos tienen dificultades en sus producciones escritas, sea porque no tienen el dominio de las normas o por no aplicarlas en la práctica. Es decir, no todos logran desarrollar sus habilidades ortográficas.Un ejemplo de ésto son las producciones escritas de los estudiantes de nuevo ingreso en el Nivel Superior de la Universidad Abierta para Adultos y la Pontificia Universidad Católica Madre y Maestra, las cuales han servido de referencia para la realización de esta investigación. Cuyo objetivo general es determinar las competencias ortográficas de los estudiantes de nuevo ingreso en ambas Instituciones durante el período académico 2008.El estudio es descriptivo, con una investigación de campo, en la que se determinan las problemáticas más frecuentes de la ortografía que tienen los estudiantes de nuevo ingreso de las Instituciones estudiadas. Se estudia la ortografía a partir del ámbito de sus elementos constitutivos (acentuación gráfica, uso correcto de las letras y los signos de puntuación). Asimismo, se señala la repercusión de los hábitos de lectura en la producción de los estudiantes.Para la realización del estudio, se emplearon instrumentos de recolección de datos e información para detectar y constatar las deficiencias ortográficas que presentan los estudiantes en la construcción de sus textos escritos.